| 000 | 00488nam a2200181 a 4500 | ||
|---|---|---|---|
| 005 | 20140310183218.0 | ||
| 008 | 030724s19uu xx 00 eng d | ||
| 020 | _a8171416020 | ||
| 050 |
_aLB 2837 _b.W872 2003 |
||
| 100 | _aRao, D.B. | ||
| 245 |
_aWomen as educators / _cedited by D.B. Rao. |
||
| 260 |
_aNew Delhi, India : _bDiscovery Pub., _c2003. |
||
| 300 |
_a93 p. : _bill. ; _c21 cm. |
||
| 521 | _aEDU | ||
| 650 |
_aEducators _xwomen |
||
| 942 |
_cBK _2lcc _kFOR |
||
| 999 |
_c20277 _d20277 |
||